| 000 | 00423nam a22001577a 4500 | ||
|---|---|---|---|
| 003 | NUST - PNEC | ||
| 005 | 20170116180909.0 | ||
| 008 | 150902b xxu||||| |||| 00| 0 eng d | ||
| 020 | _a0853347727 | ||
| 040 | _cLIBRARY | ||
| 082 | _a620.112 FRE | ||
| 100 |
_96922 _aFreakley, P.K. |
||
| 245 |
_aTheory & practice of engineering with rubber _cP.K. Freakley |
||
| 650 |
_96923 _aMechnical engineering _xME |
||
| 942 |
_2ddc _cBK |
||
| 999 |
_c65210 _d65210 |
||